000 01128nam0a22003011 4500
001 rc\2268171
005 20110829190734.8
035 _a(NLR Aleph) 006549458
090 _a6723810
_c6723810
100 _a20110829d1977 |||y0rusy50 ca
101 0 _arus
102 _aRU
105 _aa j |||||
200 1 _aРусский язык
_eУчебник для 3 кл.
_fМ.Л. Закожурникова, В.А. Кустарева, Н.С. Рождественский
205 _a8-е изд.
210 _aМосква
_cПросвещение
_d1977
215 _a223 с., 8 л. ил.
_cил.
_d22
606 _aРусский язык
_jУчебники и пособия
_2psbo
686 _aШ141.2-921
_2rubbk
700 1 _aЗакожурникова
_bМ. Л.
_gМария Леонидовна
701 1 _aРождественский
_bН. С.
_gНиколай Сергеевич
701 1 _aКустарева
_bВ. А.
_gВалентина Алексеевна
801 0 _aRU
_bNLR
_gpsbo
801 1 _aRU
_bELAR
_2rusmarc
852 _aNLR
_j76-5/3259
899 _aRuMoRGB
_jМ 76-3/264
942 _cBOOK
980 _aNB